000 00833nam a2200277 a 4500
003 AR-BaBNM
005 20251128203537.0
008 082120s2002 ||||||||||||||000 | spa||
040 _cAR-BaBNM
100 1 _aBostwick, Harold S.
245 0 0 _aManual del pedagogo práctico
_bprocedimientos prácticos para los maestros de talleres y materias académicas
250 _a1ª ed.
260 _aMéxico, D.F.
_bTrillas
_c1965
300 _a77 p.
_btablas, il.
504 _aBibliografía: p. 77
650 4 _aMETODOS DE ENSEÑANZA
650 4 _aDINAMICA DE GRUPO
650 4 _aROL DEL DOCENTE
650 4 _aAUXILIARES AUDIOVISUALES
650 4 _aTALLERES ESCOLARES
700 1 _aBuell, Clayton E.
700 1 _aZentella, Arturo
_etraductor
700 1 _aHartmann, Richard W.
_eprologuista
942 _cBK
998 _csilvi
999 _c3873
_d3873